| 000 | 00536nam a22001697a 4500 | ||
|---|---|---|---|
| 003 | PILC | ||
| 005 | 20160525082651.0 | ||
| 008 | 160525b xxu||||| |||| 00| 0 eng d | ||
| 020 | _a9781680941050 | ||
| 050 |
_aTK 5105.59 _b.C994 2015 |
||
| 245 |
_aCyber security / _ceditors Darren Samuels and THomas Rohsenow. |
||
| 260 |
_aNew York : _bArcler Press, _c2015. |
||
| 300 |
_axi, 284 pages : _billustrations ; _c25 cm. |
||
| 500 | _aIncludes index. | ||
| 650 |
_aComputer networks _xSecurity measures _zUnited States. |
||
| 942 |
_2lcc _cBK |
||
| 999 |
_c294964 _d294964 |
||